00574nam a2200181 i 450000100060000000300090000600500170001500700030003200800410003502000180007610000190009424501160011326000710022930000280030050000120032850400200034085200320036065587ES-MaACL20230906165425.0t|040116s1985 xxk ||||1| eng d a0-7456-0188-X1 aFrisby, David.10aFragments of modernity b: theories of modernity in the work of Simmel, Kracauer and Benjamin / cDavid Frisby. aCambridge : bPolity Press ; aOxford : bBasil Blackwell, c1985. aVIII, 319 p. ; c24 cm. aIndice. aBibliografía. aES-MaACLjC-3463 bR.114251